Supermarkety a hypermarkety na postupu.

Charakteristika dvoch základných typov samoobslužných veľkopredajní, ktoré sa z USA rozšírili do všetkých ekonomicky vyspelých štátov - supermarketov a hypermarketov. Uplatnenie supermarketov v Európe po druhej svetovej vojne. Superetta a minimarket ako takmer plnosortimentné predajne potravín. Popi...

Ausführliche Beschreibung

Gespeichert in:
Bibliographische Detailangaben
1. Verfasser: Soldát, P.
Format: Buchkapitel
Sprache:Tschechisch
Schlagworte:
Tags: Tag hinzufügen
Keine Tags, Fügen Sie das erste Tag hinzu!

MARC

LEADER 00000naa a2200000 4500
001 r009122
005 20220831090254.3
041 0 |a cze 
044 |a [CS] 
245 1 0 |a Supermarkety a hypermarkety na postupu.  |c P. Soldát 
520 |a Charakteristika dvoch základných typov samoobslužných veľkopredajní, ktoré sa z USA rozšírili do všetkých ekonomicky vyspelých štátov - supermarketov a hypermarketov. Uplatnenie supermarketov v Európe po druhej svetovej vojne. Superetta a minimarket ako takmer plnosortimentné predajne potravín. Popis hypermarketov, ich funkcií. Ich počty vo vybraných európskych krajinách. 
610 2 0 |a supermarkety 
610 2 0 |a USA 
610 2 0 |a Európa 
610 2 0 |a predajne 
610 2 0 |a sortiment tovaru 
100 1 |a Soldát, P.